| Tag |
First Indicator |
Second Indicator |
Subfields |
| LEADER |
00000pam a2200000 a 4500 |
| 001 |
in00000076678 |
| 005 |
20151008053737.0 |
| 008 |
810903s1981 nyua b 00110 eng |
| 010 |
|
|
|a 81007875
|
| 020 |
|
|
|a 0824715098
|
| 035 |
|
|
|a (OCoLC)07787606
|
| 035 |
|
|
|9 AAH8500AM
|
| 039 |
0 |
|
|a 2
|b 3
|c 3
|d 3
|e 3
|
| 040 |
|
|
|a DLC
|c DLC
|d TXA
|d UtOrBLW
|
| 049 |
|
|
|a TXAM
|c [985481]
|
| 050 |
0 |
0 |
|a TJ267
|b .L6
|
| 082 |
0 |
|
|a 621.406
|2 19
|
| 100 |
1 |
|
|a Logan, Earl.
|
| 245 |
1 |
0 |
|a Turbomachinery :
|b basic theory and applications /
|c Earl Logan, Jr.
|
| 264 |
|
1 |
|a New York, N.Y. :
|b M. Dekker,
|c [1981]
|
| 264 |
|
4 |
|c ©1981
|
| 300 |
|
|
|a 119 pages :
|b illustrations ;
|c 24 cm.
|
| 336 |
|
|
|a text
|b txt
|2 rdacontent
|
| 337 |
|
|
|a unmediated
|b n
|2 rdamedia
|
| 338 |
|
|
|a volume
|b nc
|2 rdacarrier
|
| 490 |
1 |
|
|a Mechanical engineering ;
|v 9
|
| 504 |
|
|
|a Includes bibliographies and index.
|
| 650 |
|
0 |
|a Turbomachines.
|
| 830 |
|
0 |
|a Mechanical engineering (Marcel Dekker, Inc.) ;
|v 9.
|
| 999 |
|
|
|a MARS
|
| 999 |
f |
f |
|s 4e8c9d39-b704-350c-a538-1029901f6b2d
|i 8b18c995-e43f-3915-9d94-81f4ce9fda23
|t 0
|
| 952 |
f |
f |
|p normal
|a Texas A&M University
|b College Station
|c Sterling C. Evans Library
|d Evans: Library Stacks
|t 0
|e TJ267 .L6
|h Library of Congress classification
|i unmediated -- volume
|m A14806249413
|
| 998 |
f |
f |
|a TJ267 .L6
|t 0
|l Evans: Library Stacks
|